#8 Fußball WM Teilnehmer ? - Statistiken

Allgemein
  • Dieses Quiz wurde 217 mal gespielt
    19 seit der letzten Aktualisierung
  • Das Durchschnittsergebnis liegt bei 6 aus 7
Answers on the Grid
Answers color-coded by a green-red scale on the quiz's grid according to % correct below.
Brasilien
Uruguay
Kroatien
Niederlande
Jamaika
El Salvador
Usbekistan
Liberia
Singapur
Mongolei
Madagaskar
Tansania
Malediven
Sierra Leone
Zentralafrikanische Republik
 
Antwortstatistiken
Antwort % Korrekt
Niederlande
100%
Brasilien
94%
Kroatien
94%
Uruguay
94%
El Salvador
75%
Jamaika
69%
Usbekistan
56%
Keine übereinstimmenden Quizze gefunden
Verteilung der Resultate
Anzahl Personen mit jedem Resultat
Perzentil nach korrekt beantworteten Fragen
Ihre Resultats-Entwicklung
Sie haben dieses Quiz seit der letzten Aktualisierung nicht gespielt